000
00358 a2200157 4500
999
_c
12944
_d
12944
003
OSt
005
20240806172232.0
008
240806b ||||| |||| 00| 0 eng d
020
_a
9780471285526
082
_a
745.4
100
_a
W Wong
245
_a
Principles of Form & Design
260
_b
John Wiley & Sons Inc
_c
1993
300
_a
352p;
942
_2
ddc